|
|
|
|
| LEADER |
00000nas a2200000 a 4500 |
| 001 |
ssj0001432 |
| 003 |
WaSeSS |
| 005 |
20200512172242.0 |
| 006 |
m d |
| 007 |
cr n |
| 008 |
990924c19889999dcuqr p s 0 a0eng |
| 010 |
|
|
|a 2007215285
|
| 015 |
|
|
|a GBB612421
|2 bnb
|
| 016 |
7 |
|
|a 8804264
|2 DNLM
|
| 016 |
7 |
|
|a SR0062060
|2 DNLM
|
| 016 |
7 |
|
|a 016008078
|2 Uk
|
| 016 |
7 |
|
|a 8804264
|2 dnlm
|
| 016 |
7 |
|
|a SR0062060
|2 dnlm
|
| 022 |
|
|
|a 1940-4026
|y 0896-4289
|
| 030 |
|
|
|a BEMEEF
|
| 035 |
|
|
|a (WaSeSS)ssj0001432
|
| 040 |
|
|
|a PIT
|b eng
|e pn
|c PIT
|d OCL
|d OCLCQ
|d FQM
|d UV$
|d OCLCQ
|d AZU
|d NSD
|d NZAUC
|d AUD
|d TXA
|d DLC
|d OCLCQ
|d UKMGB
|d COO
|d DLC
|d OCLCE
|d OCLCF
|d OCLCO
|d OCLCQ
|d OCLCO
|d OCLCQ
|d VT2
|d DLC
|d NLE
|d BUF
|d OCLCO
|d U3W
|d AU@
|d OCLCO
|d WYU
|d OCLCA
|d DCHUA
|d WaSeSS
|
| 042 |
|
|
|a pcc
|a nsdp
|a dlr
|
| 050 |
0 |
0 |
|a RB152
|
| 050 |
1 |
4 |
|a RB152
|b .J67
|
| 060 |
0 |
0 |
|a W1
|b BE13GK
|
| 070 |
0 |
|
|a RB152
|b .J67
|
| 072 |
|
0 |
|a X380
|
| 082 |
0 |
4 |
|a 155.9/05
|2 19
|
| 130 |
0 |
|
|a Behavioral medicine (Washington, D.C. : Online)
|
| 222 |
|
0 |
|a Behavioral medicine
|b (Washington, D.C. Online)
|
| 245 |
1 |
0 |
|a Behavioral medicine
|h [electronic resource].
|
| 260 |
|
|
|a [Washington, D.C.] :
|b Heldref Publications
|
| 260 |
3 |
|
|3 <2010-> :
|a [New York, NY] :
|b Routledge
|
| 310 |
|
|
|a Quarterly
|
| 362 |
1 |
|
|a Print began with vol. 14, no. 1 (spring 1988).
|
| 506 |
|
|
|a License restrictions may limit access.
|
| 538 |
|
|
|a Master and use copy. Digital master created according to Benchmark for Faithful Digital Reproductions of Monographs and Serials, Version 1. Digital Library Federation, December 2002.
|u http://purl.oclc.org/DLF/benchrepro0212
|5 MiAaHDL
|
| 538 |
|
|
|a Mode of access: World Wide Web.
|
| 583 |
1 |
|
|a digitized
|c 2011
|h HathiTrust Digital Library
|l committed to preserve
|2 pda
|5 MiAaHDL
|
| 588 |
|
|
|a Description based on: Vol. 23, no. 1 (spring 1997); title from PDF article running title (MetaPress, viewed Mar. 10, 2011).
|
| 588 |
|
|
|a Latest issue consulted: Vol. 43, issue 2 (2017) (Taylor & Francis, viewed June 16, 2017).
|
| 650 |
|
0 |
|a Medicine and psychology
|v Periodicals.
|
| 650 |
|
0 |
|a Medicine, Psychosomatic
|v Periodicals.
|
| 650 |
|
0 |
|a Stress (Physiology)
|v Periodicals.
|
| 650 |
|
0 |
|a Stress (Psychology)
|v Periodicals.
|
| 650 |
|
6 |
|a Médecine et psychologie
|v Périodiques.
|
| 650 |
|
6 |
|a Médecine psychosomatique
|v Périodiques.
|
| 650 |
|
6 |
|a Stress
|v Périodiques.
|
| 650 |
|
7 |
|a Medicine and psychology.
|2 fast
|0 (OCoLC)fst01015154
|
| 650 |
|
7 |
|a Medicine, Psychosomatic.
|2 fast
|0 (OCoLC)fst01015356
|
| 650 |
|
7 |
|a Stress (Physiology)
|2 fast
|0 (OCoLC)fst01134907
|
| 650 |
|
7 |
|a Stress (Psychology)
|2 fast
|0 (OCoLC)fst01134918
|
| 650 |
1 |
7 |
|a Gedrag.
|2 gtt
|
| 650 |
1 |
7 |
|a Geneeskunde.
|2 gtt
|
| 650 |
1 |
7 |
|a Medische psychologie.
|2 gtt
|
| 650 |
1 |
2 |
|a Behavioral Medicine
|v Periodicals.
|
| 650 |
1 |
2 |
|a Stress, Psychological
|v Periodicals.
|
| 650 |
2 |
2 |
|a Psychiatry
|v Periodicals.
|
| 650 |
1 |
2 |
|a Behavioral Medicine.
|
| 650 |
1 |
2 |
|a Stress, Psychological.
|
| 650 |
2 |
2 |
|a Psychiatry.
|
| 655 |
|
0 |
|a Electronic journals.
|
| 776 |
0 |
8 |
|i Print version:
|t Behavioral medicine (Washington, D.C.)
|x 0896-4289
|w (DLC) 88646970
|w (OCoLC)17153135
|
| 780 |
0 |
0 |
|t Journal of human stress
|x 2374-9741
|w (DLC) 2014203578
|w (OCoLC)676874668
|
| 850 |
|
|
|a DLC
|
| 856 |
4 |
0 |
|z Full text available from Research Library: 01/01/1997 to 10/31/2010
|u https://search.proquest.com/publication/37579
|